[Event "FICGS class C 000046 email"]
[Site "FICGS email"]
[Date "2007.06.09"]
[Round "1"]
[White "Hoogland, Mike"]
[Black "Bakirhan, Recep"]
[Result "1-0"]
[WhiteElo "1700"]
[BlackElo "1600"]
[PlyCount "25"]
[EventDate "2007.??.??"]
[EventType "tourn (corr)"]
[EventRounds "4"]
[SourceTitle "Corr 2022"]
[Source "ChessBase"]
[SourceDate "2021.10.24"]
[SourceVersion "1"]
[SourceVersionDate "2021.10.24"]
[SourceQuality "1"]

1. d4 Nf6 2. c4 e6 3. Nf3 d5 4. Nc3 c5 5. cxd5 Nxd5 6. e4 Nxc3 7. bxc3 Be7 8. Bc4 0-0 9. 0-0 a6 10. a4 cxd4 11. cxd4 Nd7 12. Bf4 Nb6 13. Bd3 1-0